| 000 | 00464pab a2200157 454500 | ||
|---|---|---|---|
| 008 | 180718b1995 xxu||||| |||| 00| 0 eng d | ||
| 100 | _aReddy, K.N. | ||
| 245 | _aCommunity financing for universalisation of elementary education | ||
| 260 | _c1995 | ||
| 300 | _ap.183-88 | ||
| 362 | _aApr | ||
| 650 | _aUniversities and colleges - India | ||
| 650 | _aEducation, Primary - India | ||
| 773 | _aJournal of Educational Planning and Administration | ||
| 909 | _a29922 | ||
| 999 |
_c29922 _d29922 |
||